|
|
|
|
| LEADER |
00978nam a2200217 a 4500 |
| 001 |
GR-Patra22266 |
| 008 |
070713s1999 gr g 000 0 gre d |
| 040 |
|
|
|a GrPaTEI
|b gre
|c GR-PaULI
|
| 040 |
|
|
|a GrPaTEI
|b gre
|c GR-PaULI
|
| 082 |
|
0 |
|a 621.8
|2 21
|
| 100 |
1 |
|
|a Στεργίου, Ιωάννης
|
| 245 |
1 |
0 |
|a Στοιχεία μηχανών Ι /
|c Ιωάννης Στεργίου.
|
| 260 |
|
|
|a Αθήνα :
|b Οργανισμός Εκδόσεως Διδακτικών Βιβλίων,
|c 1999
|
| 300 |
|
|
|a 325σ.
|
| 504 |
|
|
|a Βιβλιογραφία: σ.317
|
| 650 |
|
4 |
|a ΜΗΧΑΝΕΣ , ΣΤΟΙΧΕΙΑ ΤΩΝ
|
| 710 |
0 |
|
|a Οργανισμός Εκδόσεως Διδακτικών Βιβλίων
|
| 942 |
|
|
|2 ddc
|
| 952 |
|
|
|0 0
|1 0
|2 ddc
|4 0
|6 621_800000000000000_ΣΤΕ
|7 0
|9 302374
|a LISK
|b LISK
|c BSC
|d 2021-01-17
|e 24
|f 0
|g 0.00
|l 0
|o 621.8 ΣΤΕ
|p 92410030653
|r 2021-01-17 00:00:00
|t 1
|w 2021-01-17
|y BK15
|x 20070713 0 1
|x GrPaTEI
|
| 971 |
|
|
|a .b26698390
|b 16-04-20
|c 26-09-16
|
| 999 |
|
|
|c 175717
|d 175717
|